01644nam a22002657a 4500952009600000952009600096952009500192999001700287005001700304008004100321020001800362050001900380100003700399245007000436260004300506300003600549505043000585519009201015519009201107519006001199650002801259650004901287650003501336942000701371 00104070a22b22d2016-02-15l0oQA76.9A25 G665p06 002979r2016-02-15t1w2016-02-15yLB 00104070a03b03d2016-03-09l0oQA76.9A25 G665p03 008810r2016-07-27t1w2016-03-09yLB 00104070a08b08d2018-11-07l0oQA76.9A25 G65p08 006826r2018-11-07t1w2018-11-07yLB c98872d9887220231102151909.0160215s2010 sp ad||| |||| 00| 0 spa d a9788492650361 aQA76.9A25bG65 aGómez Vieites, Álvaroeautor10aSeguridad Informáticab : básicoc / Álvaro Gómez Vieites aMadrid, Españab : StarBookc, 2010 a122 páginasb : ilustraciones aQué es la seguridad informática Gestión de la Seguridad de la Información Análisis y gestión de riesgos Políticas, planes y procedimientos de seguridad Seguridad en la conexión de la empresa a internet Tipos de amenazas a la seguridad en las redes de ordenadores Criptografía y firma electrónica El problema del fraude en internet y los casos de phshing La protección de los datos de carácter personal aEducación Mixta / bInformática / cSeguridad Informática (P26-2) / d(06 002979) aEducación Mixta / bInformática / cSeguridad Informática (P26-2) / d(03 008810) aMaterial Complementario /bInformática /d(08 006827)14aSEGURIDAD INFORMÁTICA24aREDES DE COMPUTADORAS xMEDIDAS DE SEGURIDAD24aINTERNETxMEDIDAS DE SEGURIDAD cLB